000 00682nam a2200205Ia 4500
001 21053
003 GE_BSU
008 181216s||||||||xx |||||||||||||| ||und||
040 _cGE_BSU
245 _aУспехи современной биологии, Том 137. №2 Март-Апрель 2017.
245 _cГл.ред.И.А.Захаров-Гезечус и др.
260 _aМосква
260 _bНаука
260 _c2017
300 _a224 стр. 26см.
653 _aПериодика
653 _aУспехи современной биологии, Том 137. №2 Март-Апрель 2017.
653 _aპერიოდიკა
942 _cCR
999 _c54002
_d54002